000 00430nam a2200181Ia 4500
001 19502
005 20260306172658.0
008 260306t2003||||xx |||||||||||||| ||spa||
041 _aESP
082 _a340.1
_bB53
100 _aBidart Campos, Germán J.
_eAUT
245 0 _aLa constitución económica
260 _c2003
300 _a148 páginas :
_c17 cm.
650 _aGEN
654 _aCDE
942 _cLIB
_dJUS
_fJUS
_2ddc
_n
999 _c19502
_d19502